| 000 | 00671nam a2200253Ia 4500 | ||
|---|---|---|---|
| 001 | 23781 | ||
| 005 | 20240114000737.0 | ||
| 007 | ta | ||
| 008 | 060330s1907 a g b000 u 465 u | ||
| 040 | _aCotton College,Assam | ||
| 041 | _a465 | ||
| 082 |
_a823 _bB 789 W |
||
| 100 | _aBronte , . | ||
| 245 | 0 |
_aWuthering Heights: Agnes Grey and Poems / _cBronte. _hTextual Documents |
|
| 250 | _a1st ed. / | ||
| 260 |
_aLondon : _bThomas Nelson & Sons Ltd , _c1907. |
||
| 300 |
_a162p. : _bill ; _c16cm . |
||
| 653 | _aEnglish Literature | ||
| 653 | _aEnglish fiction | ||
| 653 | _aG-English | ||
| 942 |
_2ddc _cBK |
||
| 999 |
_c23763 _d23763 |
||